000 00302nam a22001337a 4500
008 181207b xxu||||| |||| 00| 0 eng d
020 _a9781557667526
041 _aeng
080 _24 th
_a370
100 _a47
101 _aedu
245 _aLife Beyond The Classroom
_cPaul.W
942 _2udc
_cBK
999 _c53084
_d53084